The Qur'an, women and modern society / (Record no. 124965)

MARC details
000 -LEADER
fixed length control field 00720nam a22002297a 4500
005 - DATE AND TIME OF LATEST TRANSACTION
control field 20170124105947.0
010 ## - LIBRARY OF CONGRESS CONTROL NUMBER
LC control number A-996904
020 ## - INTERNATIONAL STANDARD BOOK NUMBER
Terms of availability 00.00
International Standard Book Number 8120719719
035 ## - SYSTEM CONTROL NUMBER
System control number A-996904
037 ## - SOURCE OF ACQUISITION
Source of stock number/acquisition Cen Lib/Ret
040 ## - CATALOGING SOURCE
Original cataloging agency DPL
Language of cataloging EN
082 ## - DEWEY DECIMAL CLASSIFICATION NUMBER
Classification number 270.082
Item number ENG
100 ## - MAIN ENTRY--PERSONAL NAME
Personal name Engineer, Asghar Ali
9 (RLIN) 7250
245 ## - TITLE STATEMENT
Title The Qur'an, women and modern society /
Statement of responsibility, etc by Asghar Ali Engineer
260 ## - PUBLICATION, DISTRIBUTION, ETC. (IMPRINT)
Place of publication, distribution, etc New Delhi
Name of publisher, distributor, etc Sterling Publishers
Date of publication, distribution, etc 1999
270 ## - ADDRESS
Address L-10,Green park extension
City New Delhi
Postal code 110016
300 ## - PHYSICAL DESCRIPTION
Extent 231p.
Dimensions 210m(Hb)
500 ## - GENERAL NOTE
General note Includes index
650 ## - SUBJECT ADDED ENTRY--TOPICAL TERM
Topical term or geographic name as entry element Muslim women
9 (RLIN) 72010
650 ## - SUBJECT ADDED ENTRY--TOPICAL TERM
Geographic subdivision Women's rights--Religious aspects--Islam -Qurʼan
9 (RLIN) 72011
942 ## - ADDED ENTRY ELEMENTS (KOHA)
Source of classification or shelving scheme Dewey Decimal Classification
Koha item type English Books
Classification part 270.082
Call number suffix ENG
Holdings
Withdrawn status Lost status Damaged status Not for loan Home library Current library Date acquired Source of acquisition Cost, normal purchase price Total Checkouts Full call number Barcode Date last seen Date checked out Copy number Cost, replacement price Price effective from Koha item type
        Central Library Central Library 19/06/2015 Cen Lib/Ret 0.00 4 270.082 ENG A-996904 04/04/2024 21/03/2024 1 0.00 19/06/2015 English Books

© Delhi Public Library
Hit Counter
free hit counter